Talleres para la experiencia de Dios

Uloženo v:
Podrobná bibliografie
Hlavní autoři: Calderón Aguilar, Elisa (Autor), García Nuñez, María Luisa (Autor), Gómez Rubio, Angélita (Autor), Saborido Cursach, José Luis (Autor)
Další autoři: Martínez Álvarez, Donaciano (autor)
Médium: Kniha
Jazyk:španělština
Vydáno: Madrid PPC 2017
Madrid Aeca 2017
Vydání:1a. ed
Edice:Cuadernos Aeca, 11
Témata:
Tagy: Přidat tag
Žádné tagy, Buďte první, kdo vytvoří štítek k tomuto záznamu!

MARC

LEADER 00000cam a2200000 a 4500
001 UCC3345
003 CL-VaPUC
008 180427e20170000sp |||||||||||||||||spa|d
020 |a 9788428830737 
082 0 4 |a 248.4  |b CAL  |2 21 
100 0 |a Calderón Aguilar, Elisa  |e author  |9 597359 
700 0 |a García Nuñez, María Luisa  |e author  |9 597360 
700 0 |a Gómez Rubio, Angélita  |e author  |9 597361 
700 |a Martínez Álvarez, Donaciano  |e autor  |9 597362 
700 0 |a Saborido Cursach, José Luis  |e author  |9 597363 
245 1 0 |a Talleres para la experiencia de Dios 
250 |a 1a. ed 
300 |a 256 p 
942 |c BK 
945 |d 20180427 13:12:00  |a arojas 
260 |a Madrid  |b PPC  |c 2017 
260 |a Madrid  |b Aeca  |c 2017 
600 0 |a Dios  |9 314467 
650 0 |a Experiencia religiosa  |9 315549 
650 0 |a Creencias religiosas   |9 373391 
650 0 |a Vida espiritual  |9 307811 
583 |a last modification  |c 20180427 13:12:00  |k Rodrigo Vera 
490 0 |a Cuadernos Aeca, 11 
999 |c 371095  |d 371093 
952 |0 0  |1 0  |3 erb  |4 0  |6 248_400000000000000_CAL_2017_2017  |7 0  |8 A  |9 487974  |a BIBTEO  |b BIBTEO  |i 5468647  |o 248.4 CAL 2017 2017  |p 5468647  |r 2025-01-17  |w 2019-11-24  |y BK  |z Catalogado en:20180427  |k ICR